书目信息 |
| 题名: |
应用化学基础及前沿应用研究
|
|
| 作者: | 王林郁 , 郑瑞凤 , 刘艳春 著 | |
| 分册: | ||
| 出版信息: | 北京 中国原子能出版社 2021.6 |
|
| 页数: | 311页 | |
| 开本: | 24cm | |
| 丛书名: | ||
| 单 册: | ||
| 中图分类: | O69 | |
| 科图分类: | ||
| 主题词: | 应用化学--研究 | |
| 电子资源: | ||
| ISBN: | 978-7-5221-0913-8 | |
| 000 | 00935nam0 2200253 45 | |
| 001 | 012001000086 | |
| 005 | 20140910143712.0 | |
| 010 | @a978-7-5221-0913-8@dCNY98.00 | |
| 100 | @a20210218d2020 em y0chiy50 ea | |
| 101 | 0 | @achi |
| 102 | @aCN@b110000 | |
| 105 | @ay z 000yy | |
| 106 | @ar | |
| 200 | 1 | @a应用化学基础及前沿应用研究@b专著@f王林郁,郑瑞凤,刘艳春著@Aying yong hua xue ji chu ji qian yan ying yong yan jiu |
| 210 | @a北京@c中国原子能出版社@d2021.6 | |
| 215 | @a311页@d24cm | |
| 330 | @a本书主要内容包括元素与物质、化学反应速率和化学平衡、电解质溶液与电化学、有机化合物、金属材料、非金属材料、能源领域的前沿应用、环境领域的前沿应用、材料领域的前沿应用、石化领域的前沿应用等。 | |
| 606 | 0 | @a应用化学@x研究 |
| 690 | @aO69@v5 | |
| 701 | 0 | @a王林郁@4著@Awang lin yu |
| 701 | 0 | @a郑瑞凤@4著@Azheng rui feng |
| 701 | 0 | @a刘艳春@4著@Aliu yan chun |
| 801 | 0 | @aCN@bBJSDL@c20211011 |
| 905 | @b1330312-5@dO69@e13@f4 | |
| 应用化学基础及前沿应用研究/王林郁,郑瑞凤,刘艳春著.-北京:中国原子能出版社,2021.6 |
| 311页;24cm |
| ISBN 978-7-5221-0913-8:CNY98.00 |
| 本书主要内容包括元素与物质、化学反应速率和化学平衡、电解质溶液与电化学、有机化合物、金属材料、非金属材料、能源领域的前沿应用、环境领域的前沿应用、材料领域的前沿应用、石化领域的前沿应用等。 |
| ● |
| 相关链接 |
|
|
|
|
正题名:应用化学基础及前沿应用研究
索取号:O69/13
 
预约/预借
| 序号 | 登录号 | 条形码 | 馆藏地/架位号 | 状态 | 备注 |
| 1 | 1330312 | 213303129 | 第二样本阅览室/ [索取号:O69/13] | 在馆 | |
| 2 | 1330313 | 213303138 | 第三借阅区/ [索取号:O69/13] | 在馆 | |
| 3 | 1330314 | 213303147 | 第三借阅区/ [索取号:O69/13] | 在馆 | |
| 4 | 1330315 | 213303156 | 第三借阅区/ [索取号:O69/13] | 在馆 |